Realization of Association Agreement between the EU and Ukraine

Bibliographic Details
Main Author: Muraviov, Viktor
Format: eBook
Language:English
Published: Bruselas Lambert Academic Publishing, 2019
Subjects:
Online Access:Acceso restringido

MARC

LEADER 00000nam a22000007a 4500
005 20190919133531.0
007 cr|||| ||||
008 190919s2019 eu |||||s|||| 00||0 eng d
020 |a 9786139982752 
035 |a 25794 
040 |a vLex 
090 |c 9587  |d 9587 
100 1 |a Muraviov, Viktor 
245 1 0 |a Realization of Association Agreement between the EU and Ukraine  |h [Recurso electrn̤ico] /  |c Viktor Muraviov 
256 |a Servicio en ln̕ea 
260 |a Bruselas  |b Lambert Academic Publishing,  |c 2019 
300 |a 1 recurso electrn̤ico 
500 |a The book is devoted to the analysis of the mechanisms of the realization of the Association Agreement between Ukraine and the EU in the internal legal order of Ukraine, which provides for the country a perspective of its integration in the Union internal market upon the creation of the free trade area. The book shows that the realization of the Association Agreement is carried out on the international and national levels and is exercised by various means: accession by Ukraine to international treaties, making national laws consistent with legal acts of EU institutions, recognition by Ukraine of national standards of EU Member States, mutual recognition of rules of the other side etc. The effective use of the implementation legal tools requires from Ukraine to improve the legal instruments for it. The process of reforming will require from Ukraine more precise formulation of the primacy of international law over the rules of domestic law; improvement of legal technique with regard to the application of international legal norms, using the experience of EU member states in general reception of EU law and practice of its application in the domestic law of particular states. 
506 1 |a Disponible solo en los productos indicados  |d vLex Global  |d vLex Global (Academic Edition, excluding Law Schools)  |d vLex Global (U.S. Academic Edition, Law Schools)  |d vLex Global (U.S. Academic Edition, excluding Law Schools)  |d vLex Global (Academic Edition, Law Schools) 
650 0 4 |a Derecho Pb︢lico y Administrativo  |z Unin̤ Europea 
740 0 |a vLex Libros (Servicio en ln̕ea) 
856 4 0 |u http://vlex.com/source/25794  |z Acceso restringido 
942 |c BOOK 
999 0 |a Public and Administrative Law